000 00426cam a22001337a 4500
008 180718b1997 xxu||||| |||| 00| 0 eng d
082 _aA81x54 91/1/Pt2A/1
100 _aCensus of India 1991
245 _aIndia: general population totals
260 _aDelhi
_bThe Controller of Publications
_c1997
300 _a413+p.
440 _aCensus of India 1991. Series-1, India. Part II-A (i)
500 _aContents: Tables A-I to A-3
999 _c482265
_d482265